000 01035nam a2200229Ia 4500
003 OSt
005 20250218094902.0
007 ca aa aaaaa
008 201103s9999 xx 000 0 und d
040 _cSSBUL
041 _abur
082 _223
_a၂၉၄.၃၄၃၅၀၉ သု
_b၁၃၁၀၀ S-SAT
100 0 _a သုမန၊ အရှင်။
_918223
245 1 0 _aမိုးညှင်းသမ္ဗုဒ္ဓေစေတိယကထာ /
_cအရှင်သုမန ။
250 _aပဥ္စမအ ကြိမ် ။
260 _aမုံရွာ ၊
_bမိုးညှင်းတောရကျောင်းတိုက်၊
_c၁၉၉၄။
300 _a၃၄၅ စာမျက်နှာ ၊
_bပုံများ ၊
_c၂၄ စင်တီ ။
500 _aS-SAT: Dr. Sai Aung Tun
650 _aမိုးညှင်းသမ္ဗုဒ္ဓေစေတီ
_952651
650 _aစေတီပုထိုး
_zမြန်မာနိုင်ငံ
942 _cBK
_2ddc
999 _c14631
_d14631